DO + The Right Thing Quiz Stats

 Plays Quiz Updated Feb 27, 2017

Support Sporcle.
Go Orange.
Score 0/18 Timer 04:00
0 Plays Today
DO + Clue for the right thing DO-word % Correct
DO + 'Unforgettable' singer King ColeNAT → DONAT
89.7%
DO + Buddhist sectZEN → DOZEN
89.5%
DO + Japanese currencyYEN → DOYEN
85.3%
DO + USA or France, e.g.NATION → DONATION
83.4%
DO + Interjection of disgustUGH → DOUGH
81.3%
DO + One of five in a nickelCENT → DOCENT
80.6%
DO + ESPN sportscaster ChrisBERMAN → DOBERMAN
80.6%
DO + To see, in SpanishVER → DOVER
79.1%
DO + Carries out or performsDOES → DODOES
76.7%
DO + Clue for the right thing DO-word % Correct
DO + Pal of parsley, rosemary and thymeSAGE → DOSAGE
75.6%
DO + Grimly humorousWRY → DOWRY
73.5%
DO + To employ or manipulateUSE → DOUSE
72.1%
DO + A betWAGER → DOWAGER
69.7%
DO + A servile follower of GruMINION → DOMINION
59.3%
DO + Part of a pocket watch worksGEAR → DOG-EAR
56.5%
DO + Criticize in a witty mannerZING → DOZING
51.2%
DO + Had the highest scoreLED → DOLED
42.5%
DO + A water-based landing placePIER → DOPIER
40.5%

You're not logged in!

Compare scores with friends on all Sporcle quizzes.
OR
Log In
Forgot?

From the Vault

St. Louis Cardinals 25+ HRs Single Season

by jgrub7

And here we are, unable to hit a ball with a bat. While it's stationary.
Remove Ads.
Support Sporcle.
Get the best of Sporcle when you Go Orange. This ad-free experience offers more features, more stats, and more fun while also helping to support Sporcle. Thank you for becoming a member.

Show Comments

Extras

Top Quizzes Today


Score Distribution

Your Account Isn't Verified!

In order to create a playlist on Sporcle, you need to verify the email address you used during registration. Go to your Sporcle Settings to finish the process.

Report this User

Report this user for behavior that violates our Community Guidelines.

Details: